000 00834nam a22002057a 4500
999 _c15490
_d15490
003 AR-CdUCM
008 190401b ||||| |||| 00| 0 spa d
040 _aMUNICIPALIDAD PROVINCIAL DEL CUSCO
_cBIBLIOTECA MUNICIPAL DEL CUSCO
082 _a345.7302 /
_bC78 / 1926
110 _aPublicación oficial
_927600
245 _aAnales judiciales de la corte suprema de justicia año judicial de 1920 tomo XVI /
260 _aLima :
_bLa opinión nacional,
_c1926.
300 _a317 páginas ;
_c24 cm.
505 _aContenido : Anales judiciales de la corte suprema -- Es improcedente la acción de retracto si no se acompaña el documento que acredita el deposito del precio de la venta ...
650 _aAnales
_927533
650 _aJudiciales
_911436
650 _aPerú
_92178
942 _2ddc
_cLIBROS
945 _arah
_d27/04/2019